| 000 | 03735nam a2200469 a 4500 | ||
|---|---|---|---|
| 005 | 2009122400030.0 | ||
| 010 | _aB-389470-484 B-444586 | ||
| 020 |
_a9780545117548 _c475.00 |
||
| 035 | _aB-389470-484 B-444586 | ||
| 037 | _bScholastic | ||
| 037 | _bBlue Berry/Ven | ||
| 082 | _aS | ||
| 100 |
_aKorman, Gordon _938914 |
||
| 245 |
_aOne false note / _cby Gordon Korman |
||
| 260 |
_aNew York _bScholastic _c2008 |
||
| 270 |
_a557 Braodway _bNew York _e10012 |
||
| 300 |
_a174 p. _c20 cm(Hb) |
||
| 490 |
_aThe 39 clues ; book 2 _938915 |
||
| 650 |
_aMystery and detective stories. _938916 |
||
| 650 |
_aCiphers _vFiction. _938917 |
||
| 650 |
_aAdventure and adventurers _vFiction. _938918 |
||
| 650 |
_aBrothers and sisters _vFiction. _938919 |
||
| 942 |
_2ddc _cCH _mKOR _hS |
||
| 999 |
_c33346 _d33346 |
||